000 00641nam a2200229 i 4500
001 bg
100 1 _aKALIŃSKI, Janusz
_d(1942- )
245 1 0 _aZarys historii gospodarczej XIX i XX w. /
_c[Janusz Kaliński].
260 _aWarszawa :
_b"Efekt",
_c2000.
300 _a336 s. :
_bil. ;
_c24 cm.
500 _aNazwa aut. na okł.
504 _aBibliogr. - Indeks.
650 9 _aHistoria gospodarcza
_y19-20 w.
655 _aPodręczniki akademickie
020 _a8387338141
040 _cBPK
041 0 _apl
080 _a338.1"18/19"(075.8)
920 _a83-87338-14-1
942 _cKS
008 s pl f |000 0 pol
999 _c40034
_d40034
856 _uhttp://koha.tu.koszalin.pl/cgi-bin/koha/opac-detail.pl?biblionumber=40034
_yKatalog online BPK